000 00529nam a2200157Ia 4500
003 GCL
008 140319s9999 xx 000 0 ara d
040 _aGCL /
_cGCL
082 0 4 _a415
_bح م
100 1 _aحسنى عبدالبارى عبدالهادى عصر
245 1 0 _aمقاييس التمكن من قواعد اللغة العربية الاعداد والضبط /
_cحسنى عبدالبارى عبدالهادى عصر
490 _a
650 0 4 _aالنحو
650 0 4 _aاللغة العربية
942 _2ddc
_cBK
999 _c38835
_d38835